000
00268nam a2200121Ia 4500
008
231129s2000||||xx |||||||||||||| ||spa||
040
_b
spa
082
_a
R 343.0552 M294
245
0
_a
Manual de Iva y Timbre
260
_c
2000
264
_a
Legis.
942
_2
ddc
_c
BKS
999
_c
20378
_d
20378